Statistiques concernant Kingdom Hearts

Cliquez ici pour prendre le quiz!

Statistiques générales

  • Ce quiz a été pris 66 fois
  • Le résultat moyen est 47 sur 76

Statistiques - réponses

HintRéponse% Correct
Nom du premier jeuKingdom Hearts
93%
Nom du second opusKingdom Hearts 2
93%
Nom du deuxieme compagnon du protagonistDingo
91%
Nom du compagnon magicien du protagonistDonald
91%
Nom du roiMickey
91%
Nom des créatures des ténèbres démunis de coeurSans-coeur
91%
Nom de la fille du groupeKairi
89%
Nom du troisieme opusKingdom Hearts 3
89%
Nom de son meilleur amiRiku
89%
Nom du protagonistSora
89%
Nom de l'opus se déroulant 10ans avantBirth by sleep
87%
Nom des jeux mobileX
87%
Nom du personnage aux cheveux bleu qui a sombré dans le royaume des TénèbresAqua
85%
Numero XIIIRoxas
85%
Nom des creatures créée lorsque les précédentes sont crééeSimili
84%
Numero VIIIAxel
82%
Organisation voulant former le Kingdom HeartsOrganisation XIII
82%
Nom de son amiTerra
82%
Nom de l'ami des deux précédents dont le coeur sommeil de celui du héros principalVentus
82%
Nom du spin-off ou l'intrigue se déroule dans un manoirChain of Memories
80%
Nom du boss optionnelle provenant de Final FantasySephiroth
80%
Nom de son sans-coeurAnsem
78%
Simili de la meilleur ami du protagonistNaminé
78%
Nom de l'antagonist principal de la sagaXéhanort
78%
Numero I
Xemnas
78%
Nom du jeu sedéroulant dans les revesDream Drop Distance
76%
Nom de la deuxieme keyblade emblématique notament manier par Roxas en duo avec la premièreOblivion / Souvenir Perdu
75%
Numero XIVXion
75%
Ancien Maître de la keyblade ayant former le RoiYen Sid
75%
Son nom d'origineLea
69%
Nom de la Keyblade Ultime permettant d'accéder au Kingdom HeartsX-blade
69%
Nom du créateur de la sagaTetsuya Nomura
67%
Nom de la Keyblade la plus puissanteUltima Weapon / Ultima
67%
Nom du jeu prenant place dans un monde numériqueCoded
65%
Nom du manoir ou se déroule le premier spin-offManoir Oblivion
65%
Numero IIXigbar
65%
Numero XIILarxene
64%
Numero XIMarluxia
64%
Nom de leurs maîtreEraqus
62%
Nom de la keyblade de baseKingdom Key / Chaîne Royale
62%
Nom de l'oracle leader de l'union VulpesAva
60%
Nom de l'apprenti de l'antagoniste principal apparaissant la plupart du temps masquéVanitas
60%
Numero IVVexen
60%
Numero VIISaïx
58%
Son nom d'origineBraig
56%
Son nom d'origineIsa
56%
Nom des créatures servant d'ennemis dans le prequel du premier jeuNescient
56%
Nom d'une keyblade emblématique notament manier par Roxas lors de certaines cinematiquesOathkeeper / Tendre Promesse
56%
Scientifique faisant des recherches sur le coeurAnsem le sage / diZ
55%
Son nom d'origineEven
55%
Nom de l'Oracle ne possédant pas le livre des prophétiesLuxu
55%
Nom du jeu uniquement jouable sur la compilation 2.80.2 Birth by sleep A framentary passage
53%
Numero IIIXaldin
53%
Numero VIZexion
53%
Nom des créatures servant d'ennemis dans les mondes endormisAvale-rêve
49%
Son nom d'origineDilan
49%
Son nom d'origineIenzo
49%
Numero VLexaeus
49%
Numero XLuxord
47%
Nom du monde où la guerre des keyblades a eu lieuNecropole des keyblades
45%
Nom du Maitres des oraclesMaître des Maîtres
44%
Numero IXTerra-Xehanort
44%
Numero IXDemyx
42%
Numero XIIJeune Xehanort
42%
Son nom d'origineLauriam
42%
Son nom d'origineAeleus
38%
Nom de leurs monde d'origineile du Destin
33%
Son nom d'origineElrena
31%
Organisation dont les membres servent de receptacle à l'antagoniste principalVeritable organisation XIII
31%
Nom du jeux se déroulant durant le someil du héros358/2 Days
29%
Numero XRiku obscur
29%
Nom de l'oracle leader de l'union LeopardusGula
25%
Nom de l'oracle leader de l'union AnguisInvi
25%
Nom de la keyblade de l'antagonistela Scrutatrice
24%
Nom de l'oracle leader de l'union UrsusAced
22%
Nom de l'oracle leader de l'union UnicornisIra
18%

Distribution des résultats

Percentile par nombre de réponses

% des personnes avec chaque résultat

Votre développement - résultats

Vous n’avez pas pris ce quiz